|
|
|
|
| LEADER |
00000nam0a2200000 4500 |
| 001 |
683500 |
| 005 |
20251127134243.0 |
| 090 |
|
|
|a 683500
|
| 100 |
|
|
|a 20251127d1978 k||y0rusy50 ca
|
| 101 |
|
|
|a rus
|
| 102 |
|
|
|a RU
|
| 105 |
|
|
|a y z 001yy
|
| 181 |
|
0 |
|a i
|b e
|
| 182 |
|
0 |
|a n
|
| 183 |
|
0 |
|a nc
|2 RDAcarrier
|
| 200 |
1 |
|
|a Анатомия ближневосточного конфликта
|f Е. М. Примаков
|
| 203 |
|
|
|a Текст
|b визуальный
|c непосредственный
|
| 210 |
|
|
|a Москва
|c Мысль
|d 1978
|
| 215 |
|
|
|a 374 с.
|
| 283 |
|
|
|a volume
|2 RDAcarrier
|
| 320 |
|
|
|a Источники: с. 356-364
|
| 606 |
|
|
|a Ближневосточный кризис
|9 52314
|
| 610 |
1 |
|
|a Ближний Восток
|
| 610 |
1 |
|
|a Израиль
|
| 610 |
1 |
|
|a Палестина
|
| 610 |
1 |
|
|a арабо-израильский конфликт
|
| 686 |
|
|
|2 rubbk
|a Ф4(0)38
|
| 700 |
|
1 |
|a Примаков
|b Е. М.
|c российский государственный деятель
|c экономист
|c историк
|f 1929-
|g Евгений Максимович
|9 681
|
| 801 |
|
0 |
|a RU
|b 63413507
|c 20251127
|
| 830 |
|
|
|a Ретро2025Каталогизация Мотырева
|
| 850 |
|
|
|a 63413507
|
| 942 |
|
|
|c BK
|